| 000 | 00791cam a22002535a 4500 | ||
|---|---|---|---|
| 001 | 14970881 | ||
| 005 | 20201128020843.0 | ||
| 008 | 070817s2011 maua frb 001 0 eng d | ||
| 020 | _a0135095190 | ||
| 020 | _a9780135095195 | ||
| 040 |
_aDLC _cDLC _beng _dEG-ScBUE |
||
| 082 | 0 | 4 |
_a658.3 _222 _bDES |
| 100 | 1 |
_aDessler, Gary, _d1942- _93367 |
|
| 245 | 1 | 0 |
_aHuman resource management / _cGary Dessler. |
| 250 | _a12th ed., Global ed. | ||
| 260 |
_aUpper Saddle River : _bPearson Prentice Hall, _c2011. |
||
| 300 |
_a784 p. : _bill. ; _c26 cm. |
||
| 504 | _aIncludes bibliographical references and indexes | ||
| 650 | 7 |
_aPersonnel management. _9994 _2BUEsh |
|
| 650 | 7 |
_aOrganizational behavior. _94617 _2BUEsh |
|
| 651 | _2BUEsh | ||
| 653 |
_bBUSADM _bGGEN _cJanuary2018 |
||
| 942 |
_2ddc _cBB |
||
| 999 |
_c14747 _d14747 |
||